Представление документа в формате RUSMARC

ПолеНазваниеЗначение
  Тип записи a
  Библиографический уровень m
001 Контрольный номер RU/REG73/CBS_GRAD/1/712795196
005 Дата корректировки 20221122154843.2
010 Индекс ISBN __
a ISBN 978-5-04-107742-6
101 Язык документа __
a Язык текста rus
200 Заглавие и сведения об ответственности __
a Заглавие Как рисовать комиксы в стиле Марвел
f Первые сведения об ответственности Стэн Ли; перевод с английского А.Усачёвой
b Общее обозначение материала Текст
203 Вид содержания и тип средства __
a Вид содержания Текст (визуальный) : непосредственный
210 Выходные данные __
a Место издания Москва
c Издательство Эксмо
d Дата издания 2020
215 Физическое описание __
a Объем 160 с., ил.
225 Серия __
a Серия Рисуем комиксы со Стэном Ли
686 Индексы других классификаций __
a Классификационный индекс 85.15
700 Автор __
a Фамилия Ли
g Полное личное имя Стэн
801 Источник записи _0
a Страна RU
b Организация RuCBSGrad
g Правила каталогизации PSBO
801 Источник записи _1
a Страна RU
b Организация RuCBSGrad
g Правила каталогизации PSBO
901 Тип документа __
t Тип документа m
981 __
b i
2 isbdcontent
g e
982 __
b n
2 isbdmedia
993 __
a 141392
b 38165
e 284244
f ЦГБ
h 775.50
i 284244
m 1
n 44775
o I
x 1
y 6